Inhibition of anaerobic phosphate release by nitric oxide in activated sludge /
Shranjeno v:
| Drugi avtorji: | , , , |
|---|---|
| Format: | Bài viết |
| Jezik: | English |
| Teme: | |
| Oznake: |
Označite
Brez oznak, prvi označite!
|
| Thư viện lưu trữ: | Thư viện Trường Đại học Đà Lạt |
|---|
| LEADER | 01019nam a2200337 4500 | ||
|---|---|---|---|
| 001 | DLU090091639 | ||
| 005 | ##20091201 | ||
| 040 | # | # | |a DLU |b eng |
| 041 | # | # | |a eng |
| 044 | # | # | |a us |
| 245 | # | # | |a Inhibition of anaerobic phosphate release by nitric oxide in activated sludge / |c E. W. J. Van Niel ... [et al.]. |
| 653 | # | # | |a Activated sludge |
| 653 | # | # | |a Microorganism culture |
| 653 | # | # | |a Nitrates |
| 653 | # | # | |a Nitric oxide |
| 653 | # | # | |a Phosphates |
| 653 | # | # | |a Waste water purification |
| 700 | # | # | |a Appeldoorn, K. J. |
| 700 | # | # | |a Kortstee, G. J. J. |
| 700 | # | # | |a Van Niel, E. W. J. |
| 700 | # | # | |a Zehnder, A. J. B. |
| 773 | # | # | |t Applied and Environmental Microbiology |g Vol. 64, no. 8 (August 1998), p. 2925-2930 |
| 920 | # | # | |a Phòng Tạp chí -- Trung tâm Thông tin - Thư viện Trường Đại học Đà Lạt |
| 994 | # | # | |a DLU |
| 900 | # | # | |a True |
| 911 | # | # | |a Trương Bảo Trâm Anh |
| 925 | # | # | |a G |
| 926 | # | # | |a A |
| 927 | # | # | |a BB |
| 980 | # | # | |a Thư viện Trường Đại học Đà Lạt |